| 000 | 01031cam a22003134i 4500 | ||
|---|---|---|---|
| 008 | 140707s2016 tu a b 000 0 tur c | ||
| 010 | _a2012506064 | ||
| 020 | _z9789756168664 | ||
| 040 |
_aNjP _beng _cPUL _dOCLCO _dOCLCQ _dOCLCF _dDLC |
||
| 043 | _ae-fr--- | ||
| 050 | 0 | 0 |
_aDC34.5.A7 _bA934 2016 |
| 092 | 0 | 4 |
_a944.00491992 _bA975 _221 |
| 099 |
_a04 _a944.00491992 A975 |
||
| 100 | 1 | _aAydin, Cemal | |
| 245 | 1 | 0 |
_aTasa kaznan ihanet : _bErmeni ihanetinin Paristeki belgesi / _cCemal Aydn. |
| 246 | 3 | 0 | _aErmeni ihanetinin Paris'teki belgesi |
| 250 | _a1. bask. | ||
| 260 |
_aSultanahmet, cIstanbul : _bTeurk Edebiyat Vakf,̧ _c2016. |
||
| 300 |
_a112 p. : _bill ; _c22 cm |
||
| 500 | _a"150"--Title page verso. | ||
| 504 | _aIncludes bibliographical references. | ||
| 650 | 0 |
_aArmenian massacres, 1915-1923 _vSources. |
|
| 650 | 0 |
_aArmenians _zFrance _zParis _xHistory. |
|
| 902 | _a1 | ||
| 905 |
_aEman _eRev. |
||
| 905 |
_aGhada _eCat. |
||
| 942 |
_2ddc _cBK |
||
| 999 |
_c148157 _d148157 |
||